Statistics for [Geometry Dash] Top 50 Hardest Demons (Updated 4/6/18)

Click here to take the quiz!

General Stats

  • This quiz has been taken 25 times
    (23 since last reset)
  • The average score is 26 of 50

Answer Stats

Creator(s)VerifierAnswer% Correct
Manix648, Namtar, Quasar and more..knobbelboyBloodlust
92%
CyclicSunixSonic Wave
92%
Giron, Riot, Michigun and more...RiotBloodbath
77%
Giron, SmokesSmokesPlasma Pulse Finale
69%
Rustam, IlrellBoldStepErebus
69%
VipRin, Michigun, Woogi1411 and more...TrusTaYatagarasu
69%
NoobasTrusTaSakupen Hell
69%
Krazyman50Krazyman50Black Blizzard
62%
VipRin, Michigun, Zobros and more...CombinedArtificial Ascent
62%
GMTSean, Andromeda, Woogi1411 and more...Krazyman50Phobos
62%
RustamToshDeluxeDevil Vortex
62%
Darwin, NoctaflyNoctaflyZaphkiel
62%
MindCap, Pennutoh, MetalFace221, Lithifusion and more...Sunix/MindcapGamma
62%
Tsukifuto, AlexPG, Vapen and more...DiamondSplashSpacial Rend
62%
Riot, HindsRampageQuantum Processing
54%
PlatnuuSrGuillesterDelta Interface
54%
Manix648 and LazerBlitzRicoLPBlade Of Justice
54%
Sohn0924, AirSwipe, StormflyStormflyThe Hell World
54%
Krazyman50Krazyman50Conical Depression
54%
WeoWeoTeo and xcy-7WeoWeoTeoBetrayal Of Fate
54%
LithifusionBoldStepKillbot
54%
DanZmeNSmokesEnvY
54%
GDTheTactiq, TheFrozenTideTheRealZephalStalemate Redux
54%
VipRin, TheDevon, Etzer, Krazyman50 and more...CombinedDigital Descent
54%
FindexiSrGuillesterCarnage Mode
46%
TheKrisTheKrisAurora
46%
TeamN2GoodSmileA Bizzare Phantasm
46%
Sohn0924, Koreaqwer, Cyclic and more...StormflyThe Hell Zone
46%
TeamN2knobbelboyArtificial Ideology
46%
IIExenityIIAurorusAthanatos
46%
TeamN2PowerbombThe Hell Factory
46%
RobBuckBoldStepGlowy
46%
MegaMan9, EndLevel, Krazyman50 and more...EndLevelMystic
46%
VipRin, Rustam and more...CombinedSubSonic
46%
Pennutoh, Cernusco sul Naviglio teamSunixCadrega City
46%
AngryBoy, VeXioN, Ownbit and more...Sonic80Asmodeus
46%
AZuLer4 and SrGuillesterSrGuillesterHatred
46%
LaZye and 12 othersBoldStepStep To Hell
46%
HelpegasuSEnzeuxFactory Realm X
46%
f3lixsram, Darwain, Aquatis and more...RampageDemonicat
46%
LemonsMix991Paroxysm
46%
PennutohThatJ4ke (Formerly GD Temporum)Bausha Vortex
46%
99percent, Xyriax, Lumi and more...Rain22Team Z
38%
Ggb0y, Manix648 and BianoxYGYoshIInfernal Abyss
38%
Failure444 and Demonic PlatypusBrianTheBurgerFurious Flames
38%
Sohn0294, Azuler, Ziminor, AlexPG and more...StormflyThe Hell Origin
38%
Krampux, Soulwinds, Motu and more...LucielaFabrication
38%
Pennutoh, Enlex, Metalface221 and more...GoldenATMarbl
31%
Exterys, Valyrie and WoodedGoldTheRealSneakyDown Bass
31%
Eclipsed, Terron, AlexPG, TrueLogic and more...SunixArctic Arena
31%

Score Distribution

Percentile by Number Answered

Percent of People with Each Score

Your Score History

You have not taken this quiz since the last reset